000 00274nam a2200109Ia 4500
008 190216s9999||||xx |||||||||||||| ||und||
100 _aRajendra Pal
245 0 _aObjective Type Question In General Knowledge
260 _bS Chand & Co
650 _aReferences
942 _cREF
999 _c35732
_d35732